| 000 | 00852nam a2200277Ia 4500 | ||
|---|---|---|---|
| 003 | OSt | ||
| 005 | 20220930185256.0 | ||
| 006 | a|||||r|||| 00| 0 | ||
| 007 | ta | ||
| 008 | 220926b |||||||| |||| 00| 0 eng d | ||
| 020 |
_a9780415414241 (pbk) _c1202.72 |
||
| 024 | _a1345 | ||
| 037 |
_b26950, 02/02/2009, Segment Book Distributors _cTextbook |
||
| 040 |
_aCRL _cCRL _beng |
||
| 041 |
_2eng _aeng |
||
| 082 | _aP111:33, N7;P8 | ||
| 100 |
_aBeard Adrian Ed. _9557797 |
||
| 245 | 0 |
_aWorking with texts _b A core introduction to language analysis |
|
| 250 | _a3rd | ||
| 260 |
_aLondon _bRoutledge UK _c2008 |
||
| 300 |
_axxii,264p. _ccm. |
||
| 490 | _aInter text | ||
| 650 | _aLINGUISTICS | ||
| 942 |
_hP111:33, N7;P8 _cTB _2CC |
||
| 999 |
_c889866 _d889866 |
||